00461 2200181 4500001002100000005001500021035002000036007000300056008004100059020001500100082001200115084001800127100003900145245003900184260003000223856001700253990000900270INLIS00000000000122120221028080147 a0010-1022000172ta221028 g 0 ind  a9798087801 a621.042 a621.042 JAC m0 aJacqueline dinenMeta Chandra satia1 amengenal ilmu energi : energi alam aJakarta :bGloriel,c2007 aKoleksi Umum a2125